[Event "XLI C.to Italiano"]
[Site "Barcellona Pozzo di Gotto ITA"]
[Date "1981.08.??"]
[Round "6"]
[White "Tatai, Stefano"]
[Black "Messa, Roberto"]
[Result "1/2-1/2"]
[WhiteElo "2465"]
[BlackElo "2260"]
[PlyCount "86"]
[EventDate "1981.08.01"]

1. d4 d5 2. c4 e6 3. Nc3 c5 4. cxd5 exd5 5. Nf3 Nc6 6. g3 Nf6 7. Bg2 Be7 8. O-O
O-O 9. dxc5 Bxc5 10. Bg5 Be6 11. Qa4 h6 12. Bxf6 Qxf6 13. Ne1 Rfd8 14. Nd3 Bd4
15. Rac1 Rd7 16. Nf4 Rad8 17. Nxe6 fxe6 18. e3 Bb6 19. Rcd1 Ne5 20. Qf4 Nc4 21.
Qxf6 gxf6 22. Na4 Kf7 23. b3 Nd6 24. Nxb6 axb6 25. Rc1 Ra8 26. Rc2 Rc8 27. Rxc8
Nxc8 28. Rc1 Na7 29. f4 Ke7 30. Kf2 Kd6 31. g4 Nc6 32. Bf1 e5 33. h4 Rg7 34.
Be2 exf4 35. exf4 Nd4 36. Bf3 Nxf3 37. Kxf3 Rg8 38. Re1 Ra8 39. f5 Rf8 40. b4
d4 41. Re6+ Kd5 42. Rxb6 d3 43. Ke3 Kc4 1/2-1/2

[Event "XLI C.to Italiano"]
[Site "Barcellona Pozzo di Gotto ITA"]
[Date "1981.08.??"]
[Round "6"]
[White "Taruffi, Daniele"]
[Black "Coppini, Giorgio"]
[Result "1/2-1/2"]
[WhiteElo "2380"]
[BlackElo "2195"]
[PlyCount "51"]
[EventDate "1981.08.01"]

1. e4 c6 2. c4 d5 3. exd5 cxd5 4. cxd5 Nf6 5. Bb5+ Nbd7 6. Qb3 g6 7. Nc3 Bg7 8.
Nf3 O-O 9. Bxd7 Qxd7 10. O-O a5 11. Re1 a4 12. Qc4 Rd8 13. d4 Nxd5 14. Bg5 h6
15. Bh4 g5 16. Bg3 a3 17. bxa3 Nxc3 18. Qxc3 Bxd4 19. Nxd4 Qxd4 20. Qxd4 Rxd4
21. Rxe7 Be6 22. Rxb7 Rxa3 23. Rb8+ Kh7 24. Re1 Rda4 25. Be5 Ra8 26. Rxa8
1/2-1/2

[Event "XLI C.to Italiano"]
[Site "Barcellona Pozzo di Gotto ITA"]
[Date "1981.08.??"]
[Round "7"]
[White "Bruno, Fabio"]
[Black "Tatai, Stefano"]
[Result "1/2-1/2"]
[WhiteElo "2260"]
[BlackElo "2465"]
[PlyCount "90"]
[EventDate "1981.08.01"]

1. c4 Nf6 2. Nc3 c5 3. e4 Nc6 4. g3 d6 5. d3 g6 6. Bg2 Bg7 7. Nge2 O-O 8. O-O
Ne8 9. Be3 Nd4 10. f4 Nc7 11. Qd2 f5 12. Kh1 Rb8 13. Bg1 b5 14. Nxd4 cxd4 15.
Nxb5 Nxb5 16. cxb5 Rxb5 17. a4 Rb3 18. Rfe1 e5 19. exf5 gxf5 20. Bxd4 Bb7 21.
Bxb7 Rxb7 22. Qg2 Qb8 23. Qd5+ Kh8 24. fxe5 dxe5 25. Bxe5 Bxe5 26. Qxe5+ Qxe5
27. Rxe5 Rxb2 28. Rae1 Ra2 29. a5 f4 30. gxf4 Rxf4 31. R1e2 Rxe2 32. Rxe2 Rd4
33. a6 Kg7 34. Re7+ Kg6 35. Rxa7 Rxd3 36. Rb7 Ra3 37. a7 Ra2 38. Kg1 h5 39. Kf1
Kg5 40. Ke1 Kg4 41. Kd1 Kh3 42. Kc1 Ra6 43. Rh7 h4 44. Kc2 Kxh2 45. Kb3 h3
1/2-1/2

[Event "XLI C.to Italiano"]
[Site "Barcellona Pozzo di Gotto ITA"]
[Date "1981.08.??"]
[Round "7"]
[White "Ceschia, Ivano"]
[Black "Taruffi, Daniele"]
[Result "1-0"]
[WhiteElo "2275"]
[BlackElo "2380"]
[PlyCount "35"]
[EventDate "1981.08.01"]

1. e4 c5 2. Nf3 e6 3. d4 cxd4 4. Nxd4 a6 5. Nc3 g6 6. Be3 Ne7 7. Qd2 d5 8.
O-O-O dxe4 9. Nxe4 Nd5 10. Bg5 f6 11. Nxe6 Bxe6 12. Nxf6+ Qxf6 13. Bxf6 Nxf6
14. Re1 Kf7 15. Rxe6 Kxe6 16. Bc4+ Kf5 17. Qd3+ Kg4 18. Qf3+ 1-0

[Event "XLI C.to Italiano"]
[Site "Barcellona Pozzo di Gotto ITA"]
[Date "1981.08.??"]
[Round "7"]
[White "Coppini, Giorgio"]
[Black "Martorelli, Antonio"]
[Result "0-1"]
[WhiteElo "2195"]
[BlackElo "2270"]
[PlyCount "54"]
[EventDate "1981.08.01"]

1. e4 c5 2. Nc3 e6 3. g3 d5 4. exd5 exd5 5. d4 Nf6 6. Bg5 Nc6 7. Bxf6 Qxf6 8.
Nxd5 Qd8 9. dxc5 Bxc5 10. Bg2 O-O 11. Ne2 Bg4 12. h3 Bxe2 13. Kxe2 Qg5 14. Kf1
Rad8 15. c3 Rfe8 16. b4 Bf8 17. Kg1 Re5 18. c4 Bxb4 19. Kh2 Qf5 20. f4 Ree8 21.
Qb3 Re2 22. Qb1 Rxd5 23. cxd5 Rxg2+ 24. Kxg2 Qxd5+ 25. Kf2 Bc5+ 26. Ke2 Nd4+
27. Kd3 Nb5+ 0-1

[Event "XLI C.to Italiano"]
[Site "Barcellona Pozzo di Gotto ITA"]
[Date "1981.08.??"]
[Round "7"]
[White "Tassi, Oliviero"]
[Black "Santolini, Luigi"]
[Result "1/2-1/2"]
[WhiteElo "2200"]
[BlackElo "2205"]
[PlyCount "107"]
[EventDate "1981.08.01"]

1. c4 Nf6 2. Nc3 g6 3. e4 d6 4. d4 Bg7 5. f3 O-O 6. Be3 e5 7. d5 c6 8. Qd2 cxd5
9. cxd5 a6 10. Bd3 Ne8 11. Nge2 f5 12. exf5 gxf5 13. O-O Nd7 14. Kh1 Kh8 15.
Bg5 Bf6 16. Bh6 Bg7 17. Ng3 Nc5 18. Bg5 Bf6 19. Bxf6+ Qxf6 20. Bc2 Ng7 21. b4
Nd7 22. Rac1 Qh4 23. f4 Nf6 24. fxe5 Ng4 25. h3 dxe5 26. Rf3 Bd7 27. Rcf1 f4
28. Kg1 Rg8 29. Nge2 Nh6 30. Nxf4 exf4 31. Rxf4 Qg5 32. Ne4 Qe5 33. Rh4 Nhf5
34. Ng5 Rgf8 35. Nxh7 Nxh4 36. Nxf8 Bf5 37. Nd7 Qg3 38. Bxf5 Ngxf5 39. Qb2+ Qg7
40. Qxg7+ Kxg7 41. Nc5 Ne3 42. Rc1 Nxd5 43. Nxb7 Rb8 44. Nc5 Rxb4 45. Nxa6 Rb2
46. Rc4 Nf5 47. Rg4+ Kf6 48. Nc5 Nde3 49. Rg8 Kf7 50. Rg5 Nh4 51. Nd3 Rxa2 52.
Nf4 Nexg2 53. Rxg2 Nxg2 54. Nxg2 1/2-1/2

[Event "XLI C.to Italiano"]
[Site "Barcellona Pozzo di Gotto ITA"]
[Date "1981.08.??"]
[Round "8"]
[White "Albano, Marco"]
[Black "Messa, Roberto"]
[Result "0-1"]
[WhiteElo "2305"]
[BlackElo "2260"]
[PlyCount "82"]
[EventDate "1981.08.01"]

1. e4 c6 2. d4 d5 3. e5 Bf5 4. c4 e6 5. Nc3 Bb4 6. a3 Bxc3+ 7. bxc3 Nd7 8. Nf3
Ne7 9. Nh4 Be4 10. f3 Bg6 11. Nxg6 hxg6 12. Bg5 Qa5 13. Bd2 Nf5 14. cxd5 cxd5
15. Kf2 Qd8 16. g3 Rc8 17. Rb1 Rc7 18. Bd3 Qc8 19. h4 Nb6 20. Bb5+ Kf8 21. h5
gxh5 22. g4 Ne7 23. gxh5 Nf5 24. h6 g6 25. h7 Rxc3 26. Bg5 Rc2+ 27. Be2 Qc3 28.
Rb4 a5 29. Rxb6 Nxd4 30. Rxb7 Qxf3+ 31. Kg1 Qg3+ 32. Kf1 Qxg5 33. Qxd4 Rc1+ 34.
Bd1 Rc4 35. Qf2 Rf4 36. Bf3 Qxe5 37. Kg2 Kg7 38. Qa7 Qg5+ 39. Kf2 Qf5 40. Qe3
d4 41. Qb3 g5 0-1

[Event "XLI C.to Italiano"]
[Site "Barcellona Pozzo di Gotto ITA"]
[Date "1981.08.??"]
[Round "8"]
[White "Cocchi, Andrea"]
[Black "Tassi, Oliviero"]
[Result "1-0"]
[WhiteElo "2265"]
[BlackElo "2200"]
[PlyCount "49"]
[EventDate "1981.08.01"]

1. d4 Nf6 2. Nf3 e6 3. Bf4 b6 4. e3 Bb7 5. Nbd2 Be7 6. c3 O-O 7. Bd3 d5 8. Ne5
c5 9. Qf3 b5 10. dxc5 Nbd7 11. b4 Nxe5 12. Bxe5 Nd7 13. Bg3 Bf6 14. Rc1 a5 15.
Bxb5 Ra7 16. Qe2 axb4 17. cxb4 Rxa2 18. O-O Ne5 19. Rfd1 Ba8 20. Qf1 d4 21. Nc4
Qb8 22. Nxe5 dxe3 23. Nd7 exf2+ 24. Kh1 Bxg2+ 25. Kxg2 1-0

[Event "XLI C.to Italiano"]
[Site "Barcellona Pozzo di Gotto ITA"]
[Date "1981.08.??"]
[Round "8"]
[White "Martorelli, Antonio"]
[Black "Ceschia, Ivano"]
[Result "1/2-1/2"]
[WhiteElo "2270"]
[BlackElo "2275"]
[PlyCount "161"]
[EventDate "1981.08.01"]

1. d4 Nf6 2. c4 g6 3. Nc3 Bg7 4. e4 O-O 5. Be2 d6 6. Bg5 c5 7. d5 e6 8. Qd2
exd5 9. exd5 Re8 10. Nf3 Qe7 11. O-O Qf8 12. Rae1 Bg4 13. Qf4 Bxf3 14. Bxf3
Nbd7 15. Nb5 Rxe1 16. Rxe1 Re8 17. Kf1 Rxe1+ 18. Kxe1 Ne8 19. Qd2 a6 20. Nc3 h6
21. Be3 Qe7 22. Be2 Qh4 23. h3 Ne5 24. Bf4 f5 25. Bg3 Qe7 26. Kd1 Nc7 27. f4
Nd7 28. a4 Bd4 29. Bf3 Qg7 30. Be1 Nb6 31. Qe2 Kf8 32. a5 Nd7 33. g4 Qe7 34.
Qxe7+ Kxe7 35. Kc2 Ne8 36. Ne2 Bf6 37. Nc1 Ng7 38. Nd3 fxg4 39. hxg4 h5 40. g5
Bd4 41. Be4 Nf5 42. Bxf5 gxf5 43. Nc1 Nf8 44. Ne2 Ng6 45. Nxd4 cxd4 46. Bg3 h4
47. Bh2 h3 48. b4 Kd7 49. Kd3 Nh4 50. c5 Kc7 51. Bg3 Kd7 52. Kxd4 Nf3+ 53. Kd3
h2 54. Bxh2 Nxh2 55. g6 Ng4 56. g7 Nf6 57. Kc4 Ke7 58. c6 bxc6 59. dxc6 Kd8 60.
b5 Kc7 61. b6+ Kxc6 62. Kd3 Ng8 63. Ke2 Kd7 64. Kf3 Nf6 65. Kg2 Ng8 66. Kh3 Ne7
67. Kh4 d5 68. Kg3 Kd6 69. Kf3 Ng8 70. Ke3 Kd7 71. Kd4 Kd6 72. b7 Kc7 73. Kxd5
Kxb7 74. Ke6 Kc6 75. Kxf5 Kd6 76. Kg5 Ke6 77. f5+ Kf7 78. Kf4 Ne7 79. Kg5 Nd5
80. f6 Nxf6 81. Kf5 1/2-1/2

[Event "XLI C.to Italiano"]
[Site "Barcellona Pozzo di Gotto ITA"]
[Date "1981.08.??"]
[Round "8"]
[White "Passerotti, Pierluigi"]
[Black "Bruno, Fabio"]
[Result "1-0"]
[WhiteElo "2320"]
[BlackElo "2260"]
[PlyCount "77"]
[EventDate "1981.08.01"]

1. e4 c5 2. f4 Nc6 3. Nf3 e6 4. Qe2 d6 5. d3 g6 6. c3 Bg7 7. Be3 b6 8. g3 Nge7
9. Bf2 O-O 10. Bg2 Bb7 11. O-O a6 12. d4 cxd4 13. cxd4 d5 14. e5 a5 15. Rc1 Ba6
16. Qd1 Qd7 17. Nc3 Qa7 18. Qd2 Rfc8 19. g4 Nb4 20. Ne1 Qd7 21. Bh4 Nbc6 22.
Nd1 Rc7 23. Ne3 Rac8 24. Kh1 Nd8 25. Rxc7 Qxc7 26. Bg5 Nec6 27. f5 Nxd4 28.
Qxd4 Bxe5 29. Qd2 Bxh2 30. Bxd5 Be5 31. Bg2 f6 32. Bh4 exf5 33. Nd5 Qg7 34. Nf3
g5 35. Nxe5 gxh4 36. Nd7 fxg4 37. N5xf6+ Kh8 38. Nh5 Qg5 39. Qxg5 1-0

[Event "XLI C.to Italiano"]
[Site "Barcellona Pozzo di Gotto ITA"]
[Date "1981.08.??"]
[Round "8"]
[White "Tatai, Stefano"]
[Black "Coppini, Giorgio"]
[Result "1/2-1/2"]
[WhiteElo "2465"]
[BlackElo "2195"]
[PlyCount "30"]
[EventDate "1981.08.01"]

1. d4 d5 2. c4 c6 3. Nf3 Nf6 4. e3 e6 5. Nc3 Nbd7 6. Qc2 Bd6 7. b3 O-O 8. Bb2
Re8 9. Be2 dxc4 10. bxc4 e5 11. O-O e4 12. Nd2 Nf8 13. c5 Bc7 14. Nc4 Ng6 15.
f4 exf3 1/2-1/2

[Event "XLI C.to Italiano"]
[Site "Barcellona Pozzo di Gotto ITA"]
[Date "1981.08.??"]
[Round "9"]
[White "Bruno, Fabio"]
[Black "Albano, Marco"]
[Result "1/2-1/2"]
[WhiteElo "2260"]
[BlackElo "2305"]
[PlyCount "86"]
[EventDate "1981.08.01"]

1. Nf3 d5 2. d4 Nf6 3. c4 dxc4 4. e3 Bg4 5. Bxc4 Bxf3 6. Qxf3 c6 7. Nc3 Nbd7 8.
O-O Nb6 9. Bb3 g6 10. h4 Bg7 11. h5 O-O 12. hxg6 hxg6 13. Qg3 e6 14. Rd1 Nbd5
15. Qf3 Qe7 16. e4 Nxc3 17. bxc3 e5 18. Re1 Nd7 19. d5 c5 20. g4 Qd6 21. Kg2 f6
22. Be3 b5 23. c4 a6 24. Rh1 Kf7 25. Rac1 Rh8 26. g5 Ke7 27. Qg4 fxg5 28. Rxh8
Rxh8 29. cxb5 axb5 30. Qe6+ Qxe6 31. dxe6 c4 32. exd7 cxb3 33. axb3 Kxd7 34.
Rc5 Rb8 35. Bxg5 Kd6 36. Rd5+ Ke6 37. Kf1 Bf8 38. Ke2 Bd6 39. Bh4 b4 40. Bg5
Rc8 41. Bd2 Rh8 42. Rb5 Rh3 43. Be3 Rh1 1/2-1/2

[Event "XLI C.to Italiano"]
[Site "Barcellona Pozzo di Gotto ITA"]
[Date "1981.08.??"]
[Round "9"]
[White "Ceschia, Ivano"]
[Black "Tatai, Stefano"]
[Result "1/2-1/2"]
[WhiteElo "2275"]
[BlackElo "2465"]
[PlyCount "26"]
[EventDate "1981.08.01"]

1. e4 e5 2. Nf3 Nc6 3. Bb5 Bc5 4. O-O Qf6 5. d3 Nd4 6. Nxd4 Bxd4 7. a4 a6 8.
Bc4 Ne7 9. c3 Ba7 10. Be3 O-O 11. Bxa7 Rxa7 12. d4 d6 13. Na3 Ra8 1/2-1/2

[Event "XLI C.to Italiano"]
[Site "Barcellona Pozzo di Gotto ITA"]
[Date "1981.08.??"]
[Round "9"]
[White "Coppini, Giorgio"]
[Black "Passerotti, Pierluigi"]
[Result "1-0"]
[WhiteElo "2195"]
[BlackElo "2320"]
[PlyCount "63"]
[EventDate "1981.08.01"]

1. Nf3 d5 2. g3 c5 3. Bg2 Nc6 4. d4 e6 5. c4 dxc4 6. Qa4 Bd7 7. Qxc4 b5 8. Qd3
c4 9. Qd1 Qb6 10. a4 b4 11. Be3 Na5 12. Ne5 Rd8 13. Nd2 c3 14. bxc3 bxc3 15.
Ne4 Bb4 16. O-O Ne7 17. Bg5 Bc6 18. Bxe7 Kxe7 19. e3 Bxe4 20. Bxe4 Bd6 21. f4
f5 22. Qh5 Bxe5 23. fxe5 Rd7 24. Rab1 Qc7 25. Bxf5 exf5 26. Qxf5 Kd8 27. e6 Rd6
28. Qg5+ Kc8 29. Rf7 Qc4 30. Qxa5 c2 31. Rb8+ Kxb8 32. Qxa7+ 1-0

[Event "XLI C.to Italiano"]
[Site "Barcellona Pozzo di Gotto ITA"]
[Date "1981.08.??"]
[Round "9"]
[White "Messa, Roberto"]
[Black "Santolini, Luigi"]
[Result "1/2-1/2"]
[WhiteElo "2260"]
[BlackElo "2205"]
[PlyCount "92"]
[EventDate "1981.08.01"]

1. e4 c5 2. Nf3 d6 3. d4 cxd4 4. Nxd4 Nf6 5. Nc3 a6 6. Be2 e5 7. Nb3 Be7 8. O-O
Be6 9. f4 Qc7 10. a4 Nbd7 11. Be3 O-O 12. Kh1 exf4 13. Rxf4 Ne5 14. a5 Rac8 15.
Ra4 Nfd7 16. Rf1 Rfe8 17. Nd4 Bf8 18. Nf5 g6 19. Nh6+ Kh8 20. Qd2 Nc5 21. Raa1
Qc6 22. Bf3 Red8 23. Bg5 Re8 24. Bf6+ Bg7 25. Bxg7+ Kxg7 26. Nf5+ Bxf5 27. exf5
Nxf3 28. f6+ Kxf6 29. Qh6 Nd7 30. Rxf3+ Ke7 31. Qxh7 Ne5 32. Qh4+ Kd7 33. Rf6
Kc7 34. Rd1 Rcd8 35. Qd4 Kb8 36. Kg1 Qc5 37. Rxd6 Qxd4+ 38. R6xd4 Rxd4 39. Rxd4
Nc6 40. Re4 Rxe4 41. Nxe4 Nxa5 42. h4 Kc7 43. g4 Kd7 44. h5 Ke7 45. h6 Kf8 46.
Nf6 Nc4 1/2-1/2

[Event "XLI C.to Italiano"]
[Site "Barcellona Pozzo di Gotto ITA"]
[Date "1981.08.??"]
[Round "9"]
[White "Taruffi, Daniele"]
[Black "Martorelli, Antonio"]
[Result "1-0"]
[WhiteElo "2380"]
[BlackElo "2270"]
[PlyCount "81"]
[EventDate "1981.08.01"]

1. c4 e5 2. Nc3 Nf6 3. g3 c6 4. d4 exd4 5. Qxd4 d5 6. Nf3 Be7 7. cxd5 cxd5 8.
Bg2 Nc6 9. Qa4 O-O 10. O-O Qb6 11. Qb5 Qxb5 12. Nxb5 Bf5 13. Nbd4 Be4 14. Nxc6
bxc6 15. Bf4 h6 16. Rac1 g5 17. Be3 Rfc8 18. Bc5 Bxc5 19. Rxc5 Nd7 20. Ra5 Bxf3
21. Bxf3 Ne5 22. Rc1 Nxf3+ 23. exf3 Kg7 24. Rac5 Rab8 25. b3 Kf6 26. Rxc6+ Rxc6
27. Rxc6+ Ke5 28. Kf1 h5 29. Rc7 a5 30. Rxf7 a4 31. Re7+ Kd4 32. bxa4 h4 33.
gxh4 gxh4 34. f4 h3 35. f5 Rf8 36. a5 Rxf5 37. a6 Rf6 38. a7 Ra6 39. f4 Kc4 40.
f5 Rxa2 41. f6 1-0

[Event "XLI C.to Italiano"]
[Site "Barcellona Pozzo di Gotto ITA"]
[Date "1981.08.??"]
[Round "10"]
[White "Albano, Marco"]
[Black "Coppini, Giorgio"]
[Result "1/2-1/2"]
[WhiteElo "2305"]
[BlackElo "2195"]
[PlyCount "81"]
[EventDate "1981.08.01"]

1. e4 c6 2. Nc3 d5 3. Nf3 Bg4 4. h3 Bxf3 5. Qxf3 e6 6. a3 Nf6 7. d3 Bc5 8. e5
Nfd7 9. Qf4 Be7 10. Qg3 g6 11. Bd2 c5 12. O-O-O Bh4 13. Qh2 a6 14. f4 b5 15. g4
b4 16. axb4 cxb4 17. Na2 Qa5 18. Kb1 Be7 19. Qf2 Nc6 20. d4 Qb6 21. Be3 a5 22.
Bd3 a4 23. Nc1 b3 24. c4 Bb4 25. cxd5 exd5 26. e6 fxe6 27. f5 exf5 28. gxf5
O-O-O 29. fxg6 hxg6 30. Bxg6 Rhg8 31. Qe2 Nxd4 32. Bxd4 Qxg6+ 33. Ka1 Bc5 34.
Bxc5 Nxc5 35. Qb5 Qc2 36. Nd3 Nxd3 37. Rxd3 d4 38. Qa6+ Kb8 39. Qb6+ Ka8 40.
Rxd4 Rxd4 41. Qxd4 1/2-1/2

[Event "XLI C.to Italiano"]
[Site "Barcellona Pozzo di Gotto ITA"]
[Date "1981.08.??"]
[Round "10"]
[White "Cocchi, Andrea"]
[Black "Messa, Roberto"]
[Result "0-1"]
[WhiteElo "2265"]
[BlackElo "2260"]
[PlyCount "76"]
[EventDate "1981.08.01"]

1. Nf3 Nf6 2. c4 c5 3. b3 e6 4. Bb2 d5 5. e3 Nc6 6. Be2 d4 7. exd4 cxd4 8. d3
e5 9. O-O Bd6 10. Nbd2 O-O 11. Re1 Nd7 12. a3 a5 13. Ne4 Be7 14. Bf1 f5 15. Ng3
g6 16. Rb1 Bf6 17. Qd2 Rb8 18. b4 axb4 19. axb4 b5 20. Rec1 bxc4 21. Rxc4 Qb6
22. Ba3 Qb5 23. Qa2 Kg7 24. h4 Bb7 25. Ng5 Bxg5 26. hxg5 Ra8 27. Qb3 Nd8 28.
Bb2 Ne6 29. f4 Bd5 30. fxe5 Rfb8 31. Ba1 Bxc4 32. dxc4 Qa4 33. Qf3 Qa2 34. Rd1
Rxb4 35. Qc6 Ndf8 36. Bxd4 Qa4 37. Qd6 Qxd1 38. Qe7+ Kg8 0-1

[Event "XLI C.to Italiano"]
[Site "Barcellona Pozzo di Gotto ITA"]
[Date "1981.08.??"]
[Round "10"]
[White "Passerotti, Pierluigi"]
[Black "Ceschia, Ivano"]
[Result "1-0"]
[WhiteElo "2320"]
[BlackElo "2275"]
[PlyCount "77"]
[EventDate "1981.08.01"]

1. e4 c5 2. f4 Nc6 3. Nf3 d6 4. c3 Nf6 5. d3 g6 6. g3 Bg7 7. Bg2 O-O 8. O-O e5
9. Na3 Be6 10. Nc2 exf4 11. gxf4 Ne7 12. Nh4 Qd7 13. Ne3 Bh3 14. f5 Bxg2 15.
Nexg2 Nc6 16. Bf4 c4 17. dxc4 Nxe4 18. Qd5 Rae8 19. Rae1 gxf5 20. Qxf5 Qxf5 21.
Nxf5 Re6 22. Re3 Rfe8 23. Rfe1 Na5 24. Nxg7 Kxg7 25. b3 b6 26. Rd1 Nb7 27. Rd5
Kf8 28. Rh5 Nf6 29. Bh6+ Ke7 30. Bg5 Rxe3 31. Nxe3 Ke6 32. Rh6 Rg8 33. Rxf6+
Ke5 34. h4 Nc5 35. Ng4+ Ke4 36. Nf2+ Ke5 37. Kf1 Ne6 38. Ng4+ Ke4 39. Rxe6+ 1-0

[Event "XLI C.to Italiano"]
[Site "Barcellona Pozzo di Gotto ITA"]
[Date "1981.08.??"]
[Round "10"]
[White "Santolini, Luigi"]
[Black "Bruno, Fabio"]
[Result "0-1"]
[WhiteElo "2205"]
[BlackElo "2260"]
[PlyCount "58"]
[EventDate "1981.08.01"]

1. d4 Nf6 2. c4 e6 3. Nc3 c5 4. d5 exd5 5. cxd5 d6 6. e4 g6 7. f4 Bg7 8. Bb5+
Nbd7 9. e5 dxe5 10. fxe5 Nh5 11. e6 Qh4+ 12. g3 Nxg3 13. exd7+ Bxd7 14. Bxd7+
Kxd7 15. hxg3 Qxh1 16. Qg4+ Kd8 17. Bg5+ f6 18. O-O-O fxg5 19. Nge2 Qh5 20. Qe6
Qf3 21. Qd6+ Ke8 22. Qxc5 Kf7 23. Qc7+ Kg8 24. d6 Qc6 25. Qe7 Re8 26. Qxg5 h6
27. Qxg6 Rxe2 28. Kb1 Rxb2+ 29. Ka1 Re2 0-1

[Event "XLI C.to Italiano"]
[Site "Barcellona Pozzo di Gotto ITA"]
[Date "1981.08.??"]
[Round "10"]
[White "Tatai, Stefano"]
[Black "Taruffi, Daniele"]
[Result "1/2-1/2"]
[WhiteElo "2465"]
[BlackElo "2380"]
[PlyCount "80"]
[EventDate "1981.08.01"]

1. d4 b5 2. e4 Bb7 3. Nd2 a6 4. Ngf3 e6 5. Bd3 c5 6. dxc5 Bxc5 7. O-O Nc6 8.
Nb3 Bb6 9. Qe2 Nb4 10. Be3 Rc8 11. Rfc1 Ne7 12. Qd2 Bxe3 13. Qxe3 d6 14. Qd4
Nxd3 15. cxd3 O-O 16. Rxc8 Nxc8 17. Rc1 e5 18. Qc3 f6 19. Na5 Ba8 20. Nc6 Qd7
21. d4 Ne7 22. d5 Bxc6 23. dxc6 Qe6 24. Qa3 Ra8 25. c7 d5 26. exd5 Nxd5 27. h3
Rc8 28. Qa5 Kf7 29. a4 Qd7 30. Qxa6 bxa4 31. Qd3 Nb6 32. Qc2 Nd5 33. Rd1 Qxc7
34. Qxh7 Ne7 35. Qh5+ Kf8 36. Qg4 Qc6 37. Nh4 Rb8 38. Qh5 Kg8 39. Qg4 Kf7 40.
Qh5+ Kg8 1/2-1/2

[Event "XLI C.to Italiano"]
[Site "Barcellona Pozzo di Gotto ITA"]
[Date "1981.08.??"]
[Round "11"]
[White "Bruno, Fabio"]
[Black "Cocchi, Andrea"]
[Result "1/2-1/2"]
[WhiteElo "2260"]
[BlackElo "2265"]
[PlyCount "81"]
[EventDate "1981.08.01"]

1. Nf3 c5 2. b3 Nf6 3. e3 e6 4. Bb2 Be7 5. Be2 O-O 6. O-O b6 7. c4 Bb7 8. Nc3
d5 9. cxd5 exd5 10. d4 Nbd7 11. Rc1 Re8 12. Rc2 a6 13. Qa1 Rc8 14. dxc5 Nxc5
15. Rfc1 Qd7 16. Bf1 b5 17. Ne2 Nce4 18. Rxc8 Bxc8 19. Be5 Ng4 20. Bg3 Nxg3 21.
hxg3 Qd6 22. Qd4 Be6 23. Qf4 Qa3 24. Rc6 Bd7 25. Rc2 h6 26. Ne5 Nxe5 27. Qxe5
Qd6 28. Qxd6 Bxd6 29. Nf4 Bxf4 30. gxf4 d4 31. exd4 Re4 32. Rd2 Rxf4 33. f3 Kf8
34. Kf2 Ke7 35. b4 Kd6 36. a4 Kd5 37. axb5 axb5 38. Rc2 Rxd4 39. Bxb5 Bxb5 40.
Rc5+ Kd6 41. Rxb5 1/2-1/2

[Event "XLI C.to Italiano"]
[Site "Barcellona Pozzo di Gotto ITA"]
[Date "1981.08.??"]
[Round "11"]
[White "Ceschia, Ivano"]
[Black "Albano, Marco"]
[Result "0-1"]
[WhiteElo "2275"]
[BlackElo "2305"]
[PlyCount "60"]
[EventDate "1981.08.01"]

1. e4 e5 2. Nf3 Nc6 3. Bb5 a6 4. Bxc6 dxc6 5. O-O Bg4 6. h3 h5 7. d3 Qf6 8.
Nbd2 Ne7 9. Re1 Ng6 10. hxg4 hxg4 11. Nh2 Bc5 12. Re3 Bxe3 13. fxe3 Qh4 14.
Qxg4 Qxh2+ 15. Kf2 Qh4+ 16. Qxh4 Rxh4 17. Nf1 O-O-O 18. Ng3 Rh2 19. Nf1 Rh6 20.
Ng3 Nh4 21. Bd2 Rf6+ 22. Kg1 Rg6 23. Be1 Rf8 24. Bf2 f5 25. exf5 Nxf5 26. Ne2
Rh6 27. g3 Rfh8 28. Kg2 Rh2+ 29. Kf1 Rf8 30. Ke1 Nh4 0-1

[Event "XLI C.to Italiano"]
[Site "Barcellona Pozzo di Gotto ITA"]
[Date "1981.08.??"]
[Round "11"]
[White "Coppini, Giorgio"]
[Black "Santolini, Luigi"]
[Result "0-1"]
[WhiteElo "2195"]
[BlackElo "2205"]
[PlyCount "122"]
[EventDate "1981.08.01"]

1. Nf3 Nf6 2. g3 g6 3. Bg2 Bg7 4. O-O O-O 5. c4 d6 6. Nc3 e5 7. b3 Nc6 8. Bb2
Nh5 9. e3 f5 10. d4 e4 11. Ne1 Ne7 12. f4 exf3 13. Nxf3 Nf6 14. d5 h6 15. Qd2
g5 16. Rae1 Ng6 17. Nd4 Ng4 18. Nd1 Qe7 19. Qc2 Bxd4 20. exd4 Qf7 21. Ne3 Nxe3
22. Rxe3 f4 23. Re6 Kh7 24. Be4 Bxe6 25. dxe6 Qxe6 26. d5 Qg8 27. h4 gxh4 28.
gxh4 h5 29. Kf2 Rae8 30. Rg1 Rxe4 31. Qxe4 Qf7 32. Rg5 Kh6 33. Qe2 f3 34. Qe3
Qf4 35. Qxf4 Rxf4 36. Bc1 Rxh4 37. Rg4+ Kg7 38. Rxh4 Nxh4 39. Bg5 Nf5 40. Bd8
c6 41. Kxf3 cxd5 42. cxd5 Kg6 43. Kf4 h4 44. Kg4 Ne3+ 45. Kxh4 Kf5 46. Kg3 Ke5
47. Bc7 Kxd5 48. Kf2 Nc2 49. Ba5 Kc5 50. Bd2 Nb4 51. a4 Nc2 52. Bf4 a6 53. Bg3
d5 54. Ke2 Nd4+ 55. Kd3 Nxb3 56. Kc3 Na5 57. Bf2+ Kd6 58. Bg3+ Kc6 59. Kb4 b6
60. Kc3 Nb7 61. Be5 Nc5 0-1

[Event "XLI C.to Italiano"]
[Site "Barcellona Pozzo di Gotto ITA"]
[Date "1981.08.??"]
[Round "11"]
[White "Martorelli, Antonio"]
[Black "Tatai, Stefano"]
[Result "1/2-1/2"]
[WhiteElo "2270"]
[BlackElo "2465"]
[PlyCount "31"]
[EventDate "1981.08.01"]

1. e4 c5 2. Nc3 Nc6 3. g3 g6 4. Bg2 Bg7 5. d3 e6 6. f4 d6 7. Nf3 Nge7 8. O-O
O-O 9. Be3 Nd4 10. Rb1 Nec6 11. Ne2 Nxf3+ 12. Bxf3 Nd4 13. Bg2 Rb8 14. c3 Nxe2+
15. Qxe2 b6 16. d4 1/2-1/2

[Event "XLI C.to Italiano"]
[Site "Barcellona Pozzo di Gotto ITA"]
[Date "1981.08.??"]
[Round "11"]
[White "Messa, Roberto"]
[Black "Tassi, Oliviero"]
[Result "1/2-1/2"]
[WhiteElo "2260"]
[BlackElo "2200"]
[PlyCount "68"]
[EventDate "1981.08.01"]

1. e4 c5 2. Nf3 d6 3. d4 cxd4 4. Nxd4 Nf6 5. Nc3 a6 6. Be2 e5 7. Nb3 Be7 8. O-O
Be6 9. f4 Qc7 10. a4 Nbd7 11. Be3 O-O 12. Kh1 exf4 13. Rxf4 Rfe8 14. a5 Bf8 15.
Nd4 Rac8 16. Bd3 Qd8 17. Rf1 Bg4 18. Qe1 Rc5 19. Nb3 Rh5 20. Qg3 Be6 21. Bd4
Rh6 22. Nd2 Ng4 23. h3 Nge5 24. Ne2 Nf6 25. Nf4 Nh5 26. Nxh5 Rxh5 27. Be2 Rg5
28. Qf2 Nc6 29. Bb6 Qd7 30. Nf3 Rg6 31. Rad1 Qc8 32. Rd2 Be7 33. c3 Ne5 34.
Nxe5 dxe5 1/2-1/2

[Event "XLI C.to Italiano"]
[Site "Barcellona Pozzo di Gotto ITA"]
[Date "1981.08.??"]
[Round "11"]
[White "Taruffi, Daniele"]
[Black "Passerotti, Pierluigi"]
[Result "1/2-1/2"]
[WhiteElo "2380"]
[BlackElo "2320"]
[PlyCount "148"]
[EventDate "1981.08.01"]

1. f4 Nf6 2. Nf3 c5 3. b3 g6 4. Bb2 Bg7 5. e3 Nc6 6. Bb5 Qb6 7. Bxc6 Qxc6 8.
O-O d6 9. d3 O-O 10. Qe1 Bd7 11. Nbd2 b5 12. e4 Rab8 13. a4 a6 14. Qh4 Qc8 15.
axb5 axb5 16. h3 Ra8 17. g4 Rxa1 18. Rxa1 Qb7 19. Qe1 Ra8 20. Nf1 Bc6 21. Rxa8+
Qxa8 22. Qa1 Qxa1 23. Bxa1 b4 24. Ne3 Nxg4 25. hxg4 Bxa1 26. Kf2 h6 27. Kg3 Bb2
28. Nc4 Bc1 29. Ng1 Bb5 30. Ne2 Bxc4 31. bxc4 Bb2 32. Kf3 Kg7 33. Ng3 e6 34.
Ke3 Bd4+ 35. Kf3 Kf6 36. Ke2 Ke7 37. Kf3 Kd7 38. Ne2 Bb2 39. Kg2 Kc6 40. Kf3
Kc7 41. Kf2 Bc3 42. Ke3 Bb2 43. f5 Be5 44. Nc1 Kd7 45. fxg6 fxg6 46. Kf3 Ke7
47. Nb3 Kf6 48. Na5 Bc3 49. Nc6 Bd2 50. Kg3 Bg5 51. Kf3 Bc1 52. Kg3 Bb2 53. Kh4
Be5 54. Na5 Ke7 55. Kh3 Kd7 56. Kg2 d5 57. Kf3 Bc7 58. Nb3 dxc4 59. dxc4 Kd6
60. Nc1 Ke5 61. Ke3 Kf6 62. Nd3 Bh2 63. Kf3 Bd6 64. e5+ Bxe5 65. Nxc5 Bd6 66.
Nd3 h5 67. gxh5 gxh5 68. c5 Bc7 69. Nxb4 Ke5 70. c3 Bd8 71. Nc6+ Kd5 72. Nxd8
Kxc5 73. Ke3 h4 74. Nxe6+ Kc4 1/2-1/2